| 000 | 00794nam a2200277 4500 | ||
|---|---|---|---|
| 001 | 915629 | ||
| 005 | 20141015091345.0 | ||
| 007 | 000 | ||
| 008 | 000 | ||
| 010 | _a 82008855 | ||
| 020 |
_a0205058388 : _c$35.00 (est.) |
||
| 040 |
_aUOEL _cDLC _dDLC |
||
| 050 | 0 | 0 |
_aQD251.2 _b.M67 1983 |
| 082 | 0 | 0 |
_a547 _219 |
| 100 | 1 |
_aMorrison, Robert Thornton, _d1918- |
|
| 245 | 1 | 0 |
_aOrganic chemistry / _cRobert Thornton Morrison, Robert Neilson Boyd. |
| 250 | _a4th ed. | ||
| 260 |
_aBoston : _bAllyn and Bacon, _cc1983. |
||
| 300 |
_axxiv, 1370 p. : _bill. ; _c26 cm. |
||
| 500 | _aIncludes index. | ||
| 504 | _aBibliography: p. 1293-1302. | ||
| 650 | 0 |
_aChemistry, Organic. _xChemistry |
|
| 700 | 1 | _aBoyd, Robert Neilson. | |
| 906 |
_a7 _bcbc _corignew _d1 _eocip _f19 _gy-gencatlg |
||
| 942 |
_2lcc _cSL2 |
||
| 999 |
_c813 _d813 |
||